000 00617nam a2200229Ia 4500
003 OSt
005 20221007064716.0
006 a|||||r|||| 00| 0
007 ta
008 221006b |||||||| |||| 00| 0 eng d
024 _a14,833
037 _cTextual
040 _aFLL
_cFLL
_beng
041 _2eng
_aeng
082 _aX:9:Z2, M0
100 _aAgarwal S.L. Au.
_9686197
245 0 _aLabour relations law in india
260 _aDelhi
_bMacmillan company of india limited India
_c1980
300 _a804p
_ccm.
942 _hX:9:Z2, M0
_cTEXL
_2CC
999 _c1135087
_d1135087